MARC

LEADER 00000nbm0a2200000 4500
001 341032
005 20231219114210.0
035 |a (RuTPU)RU\TPU\book\368238 
090 |a 341032 
100 |a 20180518j2017 k y0rusy50 ca 
101 0 |a rus 
102 |a RU 
105 |a a m 001zy 
200 1 |a Люминесценция и разрушение гетероструктур на основе InGaN/GaN при облучении сильноточным электронным пучком  |e диссертация на соискание ученой степени кандидата физико-математических наук  |e спец. 01.04.07  |f С. Г. Сысоева  |g Национальный исследовательский Томский политехнический университет (ТПУ) ; науч. рук. В. И. Олешко 
210 |a Томск  |c [Б. и.]  |d 2017 
215 |a 156 л.  |c ил. 
320 |a Библиогр.: с. 137-156 (174 назв.) 
452 1 |0 (RuTPU)RU\TPU\book\367125  |t Люминесценция и разрушение гетероструктур на основе InGaN/GaN при облучении сильноточным электронным пучком  |o диссертация на соискание ученой степени кандидата физико-математических наук  |o спец. 01.04.07  |f С. Г. Сысоева  |g Национальный исследовательский Томский политехнический университет ; науч. рук. В. И. Олешко  |c Томск  |d 2017  |a Сысоева, Светлана Геннадьевна 
606 1 |a Полупроводники  |x Оптические свойства  |2 stltpush  |3 (RuTPU)RU\TPU\subj\50577  |9 69230 
606 1 |a Пленки эпитаксиальные  |x Получение  |2 stltpush  |3 (RuTPU)RU\TPU\subj\49240  |9 68041 
610 1 |a физика 
610 1 |a гетероструктуры 
610 1 |a люминесценция 
610 1 |a квантовые ямы 
610 1 |a эпитаксильные слои 
610 1 |a разрушение 
610 1 |a электронно-пучковое разрушение 
610 1 |a лазерная генерация 
610 1 |a сапфировые подложки 
610 1 |a люминесцентная спектроскопия 
610 1 |a сильноточные электронные пучки 
610 1 |a диссертации 
675 |a 537.311.322:535(04)  |v 4 
675 |a 539.23(04)  |v 4 
686 |a 01.04.07  |2 oksvnk 
700 1 |a Сысоева  |b С. Г.  |g Светлана Геннадьевна 
702 1 |a Олешко  |b В. И.  |c специалист в области светотехники  |c профессор Томского политехнического университета, доктор физико-математических наук  |f 1948-  |g Владимир Иванович  |3 (RuTPU)RU\TPU\pers\27390  |4 727  |9 12727 
712 0 2 |a Национальный исследовательский Томский политехнический университет (ТПУ)  |c (2009- )  |3 (RuTPU)RU\TPU\col\15902 
801 1 |a RU  |b 63413507  |c 20180518 
801 2 |a RU  |b 63413507  |c 20190110  |g RCR 
942 |c BK